000 01359nam0a2200301 4500
001 RU\NLR\bibl\1015194
005 20260409064056.0
010 _a5-94087-701-X
_93000
021 _aRU
_b2006-69232
_93482
035 _a(NLR Aleph) 001002779
090 _a589190
_c589190
100 _a20061130d2006 |||y0rusy50 ca
101 0 _arus
102 _aRU
105 _ay |||||||||
200 1 _aГрадостроительный кодекс Российской Федерации
_eпо состоянию на 1 октября 2006 года
210 _aНовосибирск
_cСибирское университетское изд-во
_d2006
215 _a120, [1] с.
_d21
225 1 _aСерия "Кодексы и законы России"
604 _171001$aРоссийская Федерация
_150011$aГрадостроительный кодекс$2nlr_sh2$3RU\NLR\AUTH\661265449
_aРоссийская Федерация
_tГрадостроительный кодекс
_92090714
_3RU\NLR\AUTH\661265449
686 _aХ621.148.4-324.9(2Р)
740 1 _aРоссийская Федерация
_tЗаконы
_iГрадостроительный кодекс
_3RU\NLR\AUTH\880379496
_9425384
801 0 _aRU
_bNLR
_c20061130
_grcr
801 1 _aRU
_bNLR
_c20061130
942 _cBOOK
980 _aNB